000 00872cam a2200301 a 4500
005 20260322212013.0
008 data
010 _a87-43306
020 _a9780805240467
020 _a0805240462
040 _aDNLM
_cDNLM
041 0 9 _aeng
044 _9United States
060 0 0 _aWS 105
_bW779h 1988
100 1 _aWinnicott, D. W.
_d1896-1971.
_q(Donald Woods),
245 1 0 _aHuman nature /
_cD. W. Winnicott.
250 _a1st American ed.
260 _aNew York :
_bSchocken Books,
_c1988.
300 _axii, 189 p. :
_bill.
336 _atext
_btxt
_2rdacontent
337 _aunmediated
_bn
_2rdamedia
338 _avolume
_bnc
_2rdacarrier
500 _aIncludes index.
504 _aBibliography: p. 171-172.
650 2 _aChild Development
_0https://id.nlm.nih.gov/mesh/D002657
650 2 _aPsychology, Child
_0https://id.nlm.nih.gov/mesh/D002666
001 data
999 _c267
_d267